00314nam a2200109Ia 4500082001200000100002900012245004900041260005000090300001000140650003200150650002200182 aRK.0128 aKashirsagar, Shiwaram K. 0aIndomitable Sardar and the triumph of Borsad c1968bUniversity Grants Commission, New Delhi a389p. aPATEL, VALLABHBHAI (SARDAR) aBORSAD SATYAGRAHA